| 000 | 00618cam a2200217 4500500 | ||
|---|---|---|---|
| 005 | 20260329004619.0 | ||
| 041 | _afre | ||
| 042 | _adc | ||
| 100 | 1 | 0 |
_aN’Diaye, Aïda _eauthor |
| 245 | 0 | 0 | _aZoocities. Des animaux sauvages dans la ville |
| 260 | _c2020. | ||
| 500 | _a87 | ||
| 690 | _aAnimal | ||
| 690 | _aCité | ||
| 690 | _aCohabitation | ||
| 690 | _aHumain | ||
| 690 | _aNature | ||
| 690 | _aUrbain | ||
| 786 | 0 | _nPhilosophie magazine | 142 | 9 | 2020-09-01 | p. 96-96 | 1951-1787 | |
| 856 | 4 | 1 | _uhttps://shs.cairn.info/magazine-philosophie-magazine-2020-9-page-96?lang=fr&redirect-ssocas=7080 |
| 999 |
_c1835656 _d1835656 |
||